Missing Word: Money Movies Quiz Stats

 Plays Quiz Updated Aug 11, 2017

Support Sporcle.
Go Orange.
Score 0/20 Timer 03:00
0 Plays Today
Movie Title (Year) Missing Word % Correct
Kill ___: Vol. 1 (2003)Bill
98.9%
___, I Shrunk the Kids (1989)Honey
95.5%
For a Few ___ More (1965)Dollars
87.7%
Uncle ___ (1989)Buck
84.2%
___ Diggers of 1933 (1933)Gold
83%
The ___ Budapest Hotel (2014)Grand
82.6%
Tango & ___ (1989)Cash
82.1%
Saving Mr. ___ (2013)Banks
77.9%
Three ___ in the Fountain (1954)Coins
76.9%
___ Places (1983)Trading
70.4%
Movie Title (Year) Missing Word % Correct
Brewster's ___ (1985)Millions
69.5%
What About ___? (1991)Bob
65.7%
___ Moon (1973)Paper
63.1%
Blank ___ (1994)Check
62.9%
Percy ___: Sea of Monsters (2013)Jackson
55%
___ on a Scandal (2006)Notes
40.9%
___ Serenade (1941)Penny
22.6%
The ___-Up (2011)Change
18.7%
The ___ of Fear (1953)Wages
7.9%
___ Target (1978)Brass
4.3%

Today's Daily Dose

Missing Word
'Y-Z' Pairs

Quick Pick
MCU Directors

You're not logged in!

Compare scores with friends on all Sporcle quizzes.
OR
Log In
Forgot?

From the Vault

3 Food Threesomes

by sproutcm

Asking for the 3 ingredients in a BLT would probably be a bit too easy.
Remove Ads.
Support Sporcle.
Get the best of Sporcle when you Go Orange. This ad-free experience offers more features, more stats, and more fun while also helping to support Sporcle. Thank you for becoming a member.

Show Comments

Extras

Top Quizzes Today


Score Distribution

Your Account Isn't Verified!

In order to create a playlist on Sporcle, you need to verify the email address you used during registration. Go to your Sporcle Settings to finish the process.

Report this User

Report this user for behavior that violates our Community Guidelines.

Details: